Apología de Sócrates
Guardat en:
| Autor principal: | |
|---|---|
| Format: | Llibre |
| Idioma: | espanyol |
| Publicat: |
Madrid
Espasa-Calpe
2006
|
| Edició: | 21a. ed |
| Col·lecció: | Ciencias y Humanidades, 164
|
| Matèries: | |
| Etiquetes: |
Afegir etiqueta
Sense etiquetes, Sigues el primer a etiquetar aquest registre!
|
MARC
| LEADER | 00000cam a2200000 a 4500 | ||
|---|---|---|---|
| 001 | UCF0677 | ||
| 003 | CL-VaPUC | ||
| 008 | 120531e20060000SP |||||||||||||||||spa|d | ||
| 020 | |a 8467021640 | ||
| 082 | 0 | 4 | |a 183.2 |b PLA |2 21 |
| 100 | 0 | |a Platón |e author |9 222 | |
| 245 | 1 | 0 | |a Apología de Sócrates |
| 246 | 1 | 0 | |a Critón |
| 246 | 1 | 0 | |a Carta VII |
| 250 | |a 21a. ed | ||
| 300 | |a 190 p | ||
| 942 | |c BK | ||
| 945 | |d 20120531 00:00:00 |a dcastane | ||
| 260 | |a Madrid |b Espasa-Calpe |c 2006 | ||
| 650 | 0 | |a Filosofía |9 223554 | |
| 650 | 0 | |a Filosofía griega |9 265579 | |
| 650 | 0 | |a Filósofos griegos |9 267553 | |
| 583 | |a last modification |c 20130320 02:53:38 |k Rodrigo Vera | ||
| 490 | 0 | |a Ciencias y Humanidades, 164 | |
| 999 | |c 347859 |d 347857 | ||
| 952 | |0 0 |1 0 |4 0 |6 183_200000000000000_PLA_2006 |7 0 |8 A |9 449556 |a BIBHIS |b BIBHIS |d 2019-11-22 |i 4866711 |l 1 |o 183.2 PLA 2006 |p 4866711 |r 2025-01-20 |s 2023-03-06 |w 2019-11-22 |y BK |k HIS | ||